000 00396nam a22001217a 4500
999 _c10196
_d10196
003 OSt
008 201218b ||||| |||| 00| 0 eng d
245 _aIEEMA Journal
250 _a2008(Oct Vol.28 No.10, Nov Vol.28 No.11, Dec Vol.28 No.12)
260 _aMumbai
_bIndian Electrical and Electronics Manufacturers Association
650 _aElectronics and Communication Engineering
942 _2ddc
_cBV